[Event "Lake Sevan"]
[Site "Martuni ARM"]
[Date "2007.07.09"]
[Round "4"]
[White "Li Chao"]
[Black "Grigoryan,Av"]
[Result "1-0"]
[WhiteElo "2320"]
[BlackElo "2455"]

1.e4 e6 2.d4 d5 3.Nc3 Bb4 4.e5 Ne7 5.a3 Bxc3+ 6.bxc3 c5 7.Qg4 O-O 8.Bd3 Nbc6
9.Qh5 Ng6 10.Nf3 Qc7 11.Be3 c4 12.Bxg6 fxg6 13.Qg4 Qf7 14.Ng5 Qe8 15.h4 Bd7
16.Qe2 Ne7 17.g4 Qc8 18.h5 gxh5 19.Rxh5 h6 20.Nf3 Be8 21.Rh3 Bg6 22.Kd2 Qe8
23.Nh4 b5 24.f4 a5 25.Rg1 b4 26.f5 bxc3+ 27.Kxc3 Qa4 28.Bc1 Rab8 29.Nxg6 Nxg6
30.Qe3 Rb1 31.fxg6 Ra1 32.g5 Ra2 33.Bb2 Qb5 34.Rb1 Rf1 35.Rh1 Rf8 36.gxh6 Qa4
37.hxg7 Rf3 38.Qxf3 Rxa3+ 39.Bxa3 Qxa3+ 40.Rb3  1-0

[Event "ch-SVK"]
[Site "Banska Stiavnica SVK"]
[Date "2007.07.13"]
[Round "7"]
[White "Hagarova,Z"]
[Black "Petrik,T"]
[Result "0-1"]
[WhiteElo "2389"]
[BlackElo "2479"]

1.e4 e6 2.d4 d5 3.Nc3 Bb4 4.e5 Ne7 5.Nf3 b6 6.Bd2 Bxc3 7.Bxc3 c5 8.Bb5+ Nec6
9.O-O Ba6 10.Bxa6 Nxa6 11.Qe2 Nc7 12.Bd2 cxd4 13.Rad1 Qc8 14.Bc1 Qa6 15.Qd2 Qc4
16.b3 Qc3 17.Qg5 Rg8 18.Qh4 h6 19.Nxd4 g5 20.Qg4 Nxd4 21.Rxd4 O-O-O 22.Be3 Kb7
23.Qh5 Qxc2 24.Qxf7 Qf5 25.Qxf5 exf5 26.Rfd1 f4 27.Bc1 Rge8 28.g3 fxg3 29.hxg3 Rxe5
30.f4 Re2 31.fxg5 hxg5 32.Bxg5 Rg8 33.Kf1 Rxa2 34.Bf4 Ne6 35.Rxd5 Rf8 36.R5d2 Ra3
37.Rf2 Rxb3 38.Rd7+ Ka6 39.Re7 Nxf4 40.gxf4 Rf5 41.Kg2 b5 42.Re6+ Kb7 43.Re7+ Kb6
44.Re6+ Kc5 45.Ra6 Rf7 46.f5 b4 47.f6 Rd3 48.Kf1 b3 49.Ke2 b2 50.Rf1 Rb3
51.Rb1 Rh7 52.Ra5+ Kb4 53.Rf5 Rh2+ 54.Rf2 Rxf2+ 55.Kxf2 Kc3 56.f7 Rb8 57.Re1 Rf8
58.Re3+ Kc2 59.Re2+ Kb3 60.Re3+ Ka2  0-1

[Event "Lake Sevan"]
[Site "Martuni ARM"]
[Date "2007.07.14"]
[Round "9"]
[White "Macieja,B"]
[Black "Grigoryan,Av"]
[Result "1/2-1/2"]
[WhiteElo "2616"]
[BlackElo "2455"]

1.e4 e6 2.d4 d5 3.Nc3 Bb4 4.e5 Ne7 5.a3 Bxc3+ 6.bxc3 c5 7.Qg4 O-O 8.Bd3 Nbc6
9.Qh5 Ng6 10.Nf3 Qc7 11.Be3 c4 12.Bxg6 fxg6 13.Qg4 Qf7 14.Ng5 Qe8 15.h4 Bd7
16.Qe2 Ne7 17.Kd2 b5 18.h5 gxh5 19.Rxh5 h6 20.Nh3 a5 21.Bxh6 gxh6 22.Rxh6 Qf7
23.Rh1 Qg7 24.Rh4 Ng6 25.Rg4 Rf5 26.Qe3 Raf8 27.Qg3 Qh6+ 28.f4 Be8 29.Nf2 Qg7
30.Nh3 Rh5 31.Rf1 Rff5  1/2-1/2

[Event "Open"]
[Site "Ghent BEL"]
[Date "2007.07.15"]
[Round "4"]
[White "Sylvan,J"]
[Black "Dgebuadze,A"]
[Result "0-1"]
[WhiteElo "2278"]
[BlackElo "2508"]

1.e4 e6 2.d4 d5 3.Nc3 Bb4 4.e5 Ne7 5.a3 Bxc3+ 6.bxc3 c5 7.Qg4 O-O 8.Bd3 Nbc6
9.Nf3 f5 10.Qg3 Qc7 11.O-O b6 12.h4 Kh8 13.h5 h6 14.Qf4 Bd7 15.Nh4 Rg8 16.g4 fxg4
17.Qxg4 Be8 18.Kh1 c4 19.Be2 Qd7 20.Qh3 Rf8 21.Rg1 Nf5 22.Nxf5 Rxf5 23.Bg4 Ne7
24.a4 Bf7 25.Ba3 Rf4 26.Bxe7 Qxe7 27.f3 Bg8 28.Rg3 Bh7 29.Qg2 Raf8 30.Rg1 Bf5
31.Qh2 Bxg4 32.fxg4 Qg5 33.Qh3 Rf2 34.R1g2 Qc1+  0-1

[Event "ch-Montenegro"]
[Site "Cetinje MNE"]
[Date "2007.07.16"]
[Round "6"]
[White "Djukic,Ni"]
[Black "Abramovic,Dr"]
[Result "1-0"]
[WhiteElo "2531"]
[BlackElo "2157"]

1.e4 e6 2.d4 d5 3.Nc3 Bb4 4.e5 b6 5.Qg4 Bf8 6.Bb5+ c6 7.Ba4 a5 8.a3 Ba6 9.Nce2 Ne7
10.Ng3 Bc4 11.c3 Bd3 12.N1e2 b5 13.Bd1 Na6 14.Nf4 Bg6 15.h4 Qd7 16.h5 Bf5
17.Qe2 c5 18.h6 gxh6 19.Nfh5 O-O-O 20.a4 c4 21.axb5 Qxb5 22.Nxf5 Nxf5 23.b3 Nc7
24.bxc4 dxc4 25.Qa2 Nxd4 26.cxd4 Bb4+ 27.Kf1 Rxd4 28.Be3 Re4 29.Bf3 Qxe5
30.Bxe4 Qxe4 31.Ng3 Qd5 32.Rh4 c3 33.Qe2 Kb7 34.Rc4 Rd8 35.Rd4  1-0

[Event "XII Open"]
[Site "Balaguer ESP"]
[Date "2007.07.17"]
[Round "2"]
[White "Maura Mundo,A"]
[Black "Kononenko,T"]
[Result "0-1"]
[WhiteElo "2133"]
[BlackElo "2393"]

1.e4 e6 2.d4 d5 3.Nc3 Bb4 4.e5 Ne7 5.a3 Bxc3+ 6.bxc3 b6 7.Qg4 Ng6 8.h4 h5
9.Qg3 Ba6 10.Bd3 Bxd3 11.cxd3 Nc6 12.Ne2 Rh7 13.Bg5 Qd7 14.O-O Nce7 15.a4 a5
16.Qh3 Nf5 17.Ng3 Nge7 18.Bxe7 Nxe7 19.Ne2 Nf5 20.Ng3 g6 21.Rfe1 Rg7 22.Nxf5 gxf5
23.Re3 O-O-O 24.Rg3 Rdg8 25.Rxg7 Rxg7 26.Qe3 Rg6 27.f3 Qe7 28.Qf4 Rg8 29.Kf2 Kb7
30.g3 c5 31.Rb1 Rc8 32.Rb5 c4 33.dxc4 Rxc4 34.Qc1 Qc7 35.Qb2 Ka7 36.Rb3 Rxa4
37.Kg2 Rc4 38.Kh3 Rc6 39.g4 fxg4+ 40.fxg4 f6 41.exf6 Qf4 42.Qg2 hxg4+ 43.Qxg4 Qxf6
44.h5 Rc7 45.Rb2 Rxc3+ 46.Kg2 Rc7 47.Rf2 Qh6 48.Kh3 Rg7 49.Qe2 Qg5 50.Rg2 Qxg2+
51.Qxg2 Rxg2 52.Kxg2 a4 53.h6 a3 54.h7 a2 55.h8=Q a1=Q 56.Qe5 Qb2+ 57.Kg3 Ka6
58.Kg4 Qg2+ 59.Kh4 Qe4+  0-1

[Event "ch-Montenegro"]
[Site "Cetinje MNE"]
[Date "2007.07.19"]
[Round "8"]
[White "Ivanovic,B"]
[Black "Abramovic,Dr"]
[Result "1-0"]
[WhiteElo "2426"]
[BlackElo "2157"]

1.e4 e6 2.d4 d5 3.Nc3 Bb4 4.e5 Qd7 5.h4 b6 6.Rh3 Ba6 7.Bxa6 Nxa6 8.Qg4 f5
9.Qh5+ Qf7 10.Qe2 Nb8 11.Qb5+  1-0

[Event "XII Open"]
[Site "Balaguer ESP"]
[Date "2007.07.20"]
[Round "5"]
[White "Lopez Martinez,J"]
[Black "Kononenko,T"]
[Result "1/2-1/2"]
[WhiteElo "2567"]
[BlackElo "2393"]

1.e4 e6 2.d4 d5 3.Nc3 Bb4 4.e5 Ne7 5.a3 Bxc3+ 6.bxc3 c5 7.Qg4 O-O 8.Bd3 f5
9.exf6 Rxf6 10.Bg5 Rf7 11.Qh5 g6 12.Qd1 Nbc6 13.Nf3 Qa5 14.Qd2 Nf5 15.Ne5 Nxe5
16.dxe5 Bd7 17.Rb1 Bc6 18.O-O c4 19.Bxf5 Rxf5 20.Bf6 Qxa3 21.Qd4 Qf8 22.f4 h5
23.h3 Qh6 24.Ra1 a6 25.g3 Rf8 26.Rf2 R5xf6 27.exf6 Qh8 28.Re1 Qxf6 29.Re5 Kf7
30.Rfe2 Re8 31.g4 hxg4 32.hxg4 Qh4 33.Rg2 Rh8 34.Re3 Qf6 35.Re5 Qh4 36.g5 Qh1+
37.Kf2 Rh2 38.Rxh2 Qxh2+ 39.Ke1 Qxc2 40.Re2 Qb1+ 41.Kf2 Qf5 42.Re3 Ke7 43.Re5 Qc2+
44.Re2 Qf5 45.Re3 Kd7 46.Qg7+ Kd6 47.Kg3 Bd7 48.Re5 Qd3+ 49.Kh4 Qc2 50.Kg4 Qg2+
51.Kh4 Qh2+ 52.Kg4 Qg2+  1/2-1/2

[Event "Najdorf Mem GpA"]
[Site "Grodzisk Mazowiecki POL"]
[Date "2007.07.21"]
[Round "2"]
[White "Tokarski,B"]
[Black "Nguyen,P"]
[Result "0-1"]
[WhiteElo "2100"]
[BlackElo "2283"]

1.e4 e6 2.d4 d5 3.Nc3 Bb4 4.e5 Ne7 5.a3 Bxc3+ 6.bxc3 c5 7.Qg4 Qc7 8.Qxg7 Rg8
9.Qxh7 cxd4 10.Ne2 Nbc6 11.f4 Bd7 12.Qd3 dxc3 13.Nxc3 a6 14.Rb1 Na5 15.h4 Nf5
16.Rh3 O-O-O 17.Ne2 Qc5 18.Bd2 Nc4 19.Bb4 Qb6 20.Nc3 Qa7 21.Ne4 Bb5 22.Nf6 Qg1
23.Nxg8 Nce3 24.Ne7+ Kd7 25.Nxf5 Nxg2+ 26.Kd2 Bxd3 27.Rxd3 Qf2+ 28.Be2 Qxf4+
29.Kd1 Qxf5 30.Bd6 b5 31.Rf3 Qg6 32.Rxb5 Rc8 33.Rb7+ Kc6 34.Rfb3 Ne3+ 35.Kd2 Nc4+
36.Bxc4 dxc4 37.R3b6+ Kd5 38.Kc3 Qe4 39.Rxa6 Qd4+ 40.Kb4 Qb2+  0-1

[Event "Czech Open GMA"]
[Site "Pardubice CZE"]
[Date "2007.07.21"]
[Round "2"]
[White "Pena,G"]
[Black "Orlov,And"]
[Result "1/2-1/2"]
[WhiteElo "2003"]
[BlackElo "2477"]

1.e4 e6 2.d4 d5 3.Nc3 Bb4 4.e5 Ne7 5.a3 Bxc3+ 6.bxc3 b6 7.h4 Ba6 8.Bxa6 Nxa6
9.a4 Qd7 10.Qe2 Nb8 11.h5 h6 12.Rh3 Nbc6 13.Rg3 Nf5 14.Rf3 Na5 15.Rf4 Nc4
16.Nf3 Qc6 17.Nd2 g5 18.hxg6 fxg6 19.Nxc4 dxc4 20.Qf3 Qxf3 21.Rxf3 h5 22.Bg5 Kd7
23.Rb1 a5 24.Rf4 Raf8 25.Bf6 Rh7 26.Rf3 Ne7 27.Rg3 h4 28.Rg4 Nd5 29.Kd2 Nxf6
30.exf6 Rxf6 31.Ke3 Rh5 32.Rh1 g5 33.Rh3 Kd6 34.f3 c6 35.Re4 Rhh6 36.Rg4 Rhg6
37.Rh1 b5 38.Ra1 Rf5 39.axb5 Rxb5 40.Ra4 Rh6 41.Rxc4 h3 42.gxh3 Rxh3 43.Rc5 Rxc5
44.dxc5+ Kxc5 45.Rxg5+ Kb6 46.Re5 a4 47.Rxe6 Rh1 48.Re4 Ra1 49.Kd3 Kb5 50.Rb4+ Kc5
51.Rc4+ Kd5 52.Rd4+ Kc5 53.Rc4+ Kb5 54.Rb4+ Kc5  1/2-1/2

[Event "MTO"]
[Site "Biel SUI"]
[Date "2007.07.24"]
[Round "2"]
[White "Al Modiahki,M"]
[Black "Spinedi,L"]
[Result "1-0"]
[WhiteElo "2563"]
[BlackElo "2155"]

1.e4 e6 2.d4 d5 3.Nc3 Bb4 4.e5 Ne7 5.a3 Bxc3+ 6.bxc3 c5 7.Qg4 O-O 8.Bd3 Nbc6
9.Nf3 f5 10.exf6 Rxf6 11.Qh4 Nf5 12.Qh3 c4 13.Bxf5 Rxf5 14.Qg3 Qa5 15.Bd2 Bd7
16.h4 Re8 17.O-O Ref8 18.Bh6 R8f7 19.Nh2 Kh8 20.Bc1 Qa4 21.Ra2 b5 22.Ng4 b4
23.Rb2 b3 24.Qd6 Qa5 25.cxb3 Qxc3 26.bxc4 h5 27.Ne3 Rf4 28.Nd1 Qxd4 29.Bxf4 Qxf4
30.Qxf4 Rxf4 31.Rb7 Nd4 32.g3  1-0

[Event "33rd Open"]
[Site "Sitges ESP"]
[Date "2007.07.24"]
[Round "7"]
[White "Corrales Jimenez,F"]
[Black "Rojas Keim,L"]
[Result "1/2-1/2"]
[WhiteElo "2499"]
[BlackElo "2357"]

1.e4 e6 2.d4 d5 3.Nc3 Bb4 4.e5 Qd7 5.a3 Bxc3+ 6.bxc3 b6 7.Qg4 f5 8.Qg3 Ba6
9.Bd3 Bxd3 10.cxd3 Nc6 11.Ne2 O-O-O 12.h4 Nh6 13.Bxh6 gxh6 14.Qe3 Qg7 15.Nf4 Qf7
16.Ke2 Na5 17.Rab1 Kb8 18.g3 Rc8 19.Rb5 c6 20.Rb4 Ka8 21.Rc1 c5 22.dxc5 Rxc5
23.Kf1 Rhc8 24.Ne2 Nc6 25.d4 Rc4 26.Rb3 Ra4 27.Qxh6 Na5 28.Rbb1 Rxa3 29.Ra1 Rxa1
30.Rxa1 Nc4 31.Kg2 Kb7 32.Nf4 Re8 33.Nh5 a5 34.Nf6 Re7 35.h5 Qg7 36.Qxg7 Rxg7
37.h6 Rc7 38.f3 b5 39.Kf2 a4 40.g4 fxg4 41.fxg4 Nd2 42.g5 Ne4+ 43.Nxe4 dxe4
44.Rh1 Rxc3 45.g6 Rc8 46.g7 Kb6 47.Ke3 a3 48.Rf1 Rg8 49.Kd2 b4 50.Kc2 a2
51.Kb3 Ra8 52.Kxb4 e3 53.Ra1 e2 54.Kc3 Kc6 55.Kc4 Rb8 56.Rg1 Ra8 57.Kd3 a1=Q
58.Rxa1 Rxa1 59.g8=Q e1=Q 60.Qxe6+ Kb5 61.Qc4+ Ka5 62.Qc7+ Ka6 63.Qc6+ Ka5
64.Qc7+ Ka6 65.Qc6+  1/2-1/2

[Event "MTO"]
[Site "Biel SUI"]
[Date "2007.07.26"]
[Round "4"]
[White "Arun Prasad,S"]
[Black "Spinedi,L"]
[Result "1-0"]
[WhiteElo "2448"]
[BlackElo "2155"]

1.e4 e6 2.d4 d5 3.Nc3 Bb4 4.e5 Ne7 5.a3 Bxc3+ 6.bxc3 c5 7.h4 Nbc6 8.Nf3 Qa5
9.Bd2 Bd7 10.h5 h6 11.Rb1 O-O-O 12.Rb5 Qxa3 13.Qb1 c4 14.Rxb7 Qa6 15.Rb2 Kc7
16.Ra2 Rb8 17.Qa1 Qb5 18.Bc1 Qb1 19.Kd2 Qxa1 20.Rxa1 Rb5 21.Ba3 Kb7 22.Rh4 Nf5
23.Rf4 g5 24.hxg6 fxg6 25.Nh2 h5 26.Nf3 Ka8 27.Bd6 Rb7 28.Bc5 Bc8 29.Be2 Nd8
30.g4 hxg4 31.Rxg4 Rg7 32.Rag1 Rhg8 33.Ng5 Bd7 34.Ra1 Bc8 35.Rgg1 Rb7 36.Rh1 Nf7
37.Nh7 Rh8 38.Nf6 Rxh1 39.Rxh1 Ng5 40.Rh8 Rc7  1-0

[Event "MTO"]
[Site "Biel SUI"]
[Date "2007.07.26"]
[Round "4"]
[White "Edouard,R"]
[Black "Rodshtein,M"]
[Result "1/2-1/2"]
[WhiteElo "2483"]
[BlackElo "2586"]

1.e4 e6 2.d4 d5 3.Nc3 Bb4 4.e5 Ne7 5.a3 Bxc3+ 6.bxc3 b6 7.Qg4 Ng6 8.h4 h5
9.Qd1 Qd7 10.Bd3 Ba6 11.Bxa6 Nxa6 12.Bg5 Qa4 13.Ne2 c5 14.O-O cxd4 15.cxd4 Rc8
16.Qd3 Rc4 17.c3 Nf8 18.Nf4 Qc6 19.Rfc1 Nc7 20.Qf3 g6 21.Nd3 Qd7 22.Nb2 Rc6
23.c4 Nh7 24.Bh6 Ke7 25.Bg5+ Kf8 26.Bh6+ Ke7 27.c5 bxc5 28.dxc5 Rb8 29.Nd3 Na6
30.Rab1 Rxb1 31.Rxb1 Qc7 32.Qe3 Qc8 33.Bg7 Nxc5 34.Nxc5 Rxc5 35.Rb3 Rc7 36.Qf4 Rc1+
37.Kh2 Rc4 38.Qe3 Rxh4+ 39.Kg3 Ra4 40.Rb4 Qc6 41.Qh6 Rxb4 42.axb4 Qc3+ 43.Kh2 Qd4
44.Qxh7 Qf4+ 45.Kg1  1/2-1/2

[Event "Open NK"]
[Site "Dieren NED"]
[Date "2007.07.26"]
[Round "3"]
[White "Bensdorp,L"]
[Black "Sengupta,D"]
[Result "0-1"]
[WhiteElo "2119"]
[BlackElo "2435"]

1.e4 e6 2.d4 d5 3.Nc3 Bb4 4.e5 Ne7 5.Nf3 b6 6.a3 Bxc3+ 7.bxc3 Ba6 8.Bxa6 Nxa6
9.Qd3 Nb8 10.O-O c5 11.a4 Nd7 12.c4 Rc8 13.cxd5 c4 14.Qe2 Nxd5 15.Nd2 c3
16.Ne4 O-O 17.Ba3 Re8 18.Nd6 Nb8 19.Qf3 Qd7 20.Rfe1 Red8 21.Re4 Rc7 22.Bc1 f5
23.Rh4 Nc6 24.Bg5 Rf8 25.Qh5 g6 26.Qe2 Na5 27.Rh3 Nc6 28.Rh4 Na5 29.Rh3 Rc6
30.Bh6 Rfc8 31.Nxc8 Rxc8 32.g4 Nc6 33.Rd1 fxg4 34.Qxg4 Nce7 35.Rf3 Nf5 36.Rxf5 exf5
37.Qe2 Kf7 38.Re1 Ke6 39.Ra1 Qc6 40.Be3 Qc4 41.Qf3 Rf8 42.Qh3 Rf7 43.a5 b5
44.a6 Qc7 45.Rb1 b4 46.Ra1 Qb6 47.f4 Rd7 48.Bf2 Qb5 49.Qf3 Rc7 50.Kg2 Rc6  0-1

[Event "MTO"]
[Site "Biel SUI"]
[Date "2007.07.28"]
[Round "6"]
[White "Vitiugov,N"]
[Black "Ulibin,M"]
[Result "1-0"]
[WhiteElo "2608"]
[BlackElo "2514"]

1.e4 e6 2.d4 d5 3.Nc3 Bb4 4.e5 b6 5.a3 Bxc3+ 6.bxc3 Qd7 7.Qg4 f5 8.Qg3 Ba6
9.Bxa6 Nxa6 10.Ne2 Kf7 11.a4 c5 12.Qd3 Qc8 13.Ba3 Ne7 14.h4 Nc6 15.Qf3 Rf8
16.h5 Kg8 17.O-O Rf7 18.h6 g6 19.c4 dxc4 20.d5 Nxe5 21.Qc3 Ng4 22.Bb2 e5
23.Rad1 Nb4 24.f3 Nf6 25.Qxc4 Qa6 26.Qxa6 Nxa6 27.Bxe5 Re8 28.Bxf6 Rxe2 29.Bg5 Rd7
30.c4 Kf7 31.a5 Nc7 32.axb6 axb6 33.Ra1 Ne8 34.Ra8 Rb7 35.Rfa1 Kf8 36.Kf1 Rc2
37.Re1  1-0

[Event "MTO"]
[Site "Biel SUI"]
[Date "2007.07.28"]
[Round "6"]
[White "Al Sayed,Mohamad"]
[Black "Shipov,S"]
[Result "0-1"]
[WhiteElo "2469"]
[BlackElo "2559"]

1.e4 e6 2.d4 d5 3.Nc3 Bb4 4.e5 Ne7 5.a3 Bxc3+ 6.bxc3 b6 7.Qg4 Ng6 8.Nf3 Qd7
9.a4 Ba6 10.Bxa6 Nxa6 11.h4 Qc6 12.Bb2 h5 13.Qg3 Nb8 14.O-O Qd7 15.a5 Nc6
16.axb6 cxb6 17.Ba3 Na5 18.Ng5 Ne7 19.Bxe7 Qxe7 20.f4 g6 21.f5 gxf5 22.Rxa5 bxa5
23.Rb1 Rc8 24.Nh7 Rxh7 25.Qg8+ Kd7 26.Qxh7 Rxc3 27.Qg8 Rc8 28.Rb7+ Rc7 29.Rb1 a4
30.Qg3 a3 31.Qb3 Ke8 32.Qd3 Rc8 33.Qa6 Qc7 34.Qxa3 Qxc2 35.Ra1 Qd2 36.Qxa7 Qe3+
37.Kh1 Kf8 38.Qa3+ Qxa3 39.Rxa3 Rc1+ 40.Kh2 Re1 41.Kg3 Re4 42.Ra4 Kg7 43.Rb4 Kg6
44.Ra4 Rg4+ 45.Kh3 f4 46.Ra8 Rg3+ 47.Kh2 Rd3 48.Rg8+ Kh7 49.Rg5 Kh6  0-1

[Event "Open NK"]
[Site "Dieren NED"]
[Date "2007.07.30"]
[Round "6"]
[White "Van Delft,M"]
[Black "Vogel,Ja"]
[Result "1-0"]
[WhiteElo "2408"]
[BlackElo "2232"]

1.e4 e6 2.d4 d5 3.Nc3 Bb4 4.e5 Qd7 5.Bd2 b6 6.Bb5 Nc6 7.Nf3 Bb7 8.O-O a6
9.Ba4 Nge7 10.Re1 Bxc3 11.Bxc3 b5 12.Bb3 a5 13.a4 b4 14.Bd2 Ba6 15.c3 Bd3
16.cxb4 axb4 17.Bh6 Be4 18.Be3 O-O 19.Nd2 Bg6 20.Bc2 Na5 21.Bxg6 Nxg6 22.Qc2 c6
23.Rec1 Qa7 24.b3 f5 25.Nf3 h6 26.Rab1 Rfb8 27.Ne1 c5 28.Qxc5  1-0

[Event "MTO"]
[Site "Biel SUI"]
[Date "2007.07.31"]
[Round "8"]
[White "Houhou,O"]
[Black "Spinedi,L"]
[Result "1-0"]
[WhiteElo "2319"]
[BlackElo "2155"]

1.e4 e6 2.d4 d5 3.Nc3 Bb4 4.e5 Ne7 5.Nf3 c5 6.dxc5 Nbc6 7.Bd3 Ng6 8.O-O Ncxe5
9.Nxe5 Nxe5 10.Bf4 Nxd3 11.Qxd3 O-O 12.Bd6 Bxc3 13.Bxf8 Bxb2 14.Rab1 Qxf8
15.Rxb2 Qxc5 16.c4 dxc4 17.Qd8+ Qf8 18.Rd1 b6 19.Qc7 Ba6 20.Rbd2 Rc8 21.Qxa7 c3
22.Rc2 Bb5 23.Rdc1 Qd8 24.Qa3 h6 25.Rxc3 Rxc3 26.Qxc3 Qd5 27.Qc2 Bd3 28.Qb3 Qxb3
29.axb3 e5 30.Rc8+ Kh7 31.f3 f5 32.Rd8 e4 33.Rd5 Kg6 34.fxe4 fxe4 35.Rd6+ Kf5
36.Rxb6 e3 37.Rb4 Ke5 38.g3 Kd5 39.Kg2 Be2 40.Rf4 Kc5  1-0

[Event "Open NK"]
[Site "Dieren NED"]
[Date "2007.07.31"]
[Round "7"]
[White "Schenkeveld,Di"]
[Black "Etmans,M"]
[Result "1-0"]
[WhiteElo "2060"]
[BlackElo "2207"]

1.e4 e6 2.d4 d5 3.Nc3 Bb4 4.e5 b6 5.Qg4 Bf8 6.Bg5 Qd7 7.f4 Ba6 8.Nge2 c5
9.O-O-O Nc6 10.dxc5 bxc5 11.Ng3 Bxf1 12.Rhxf1 h6 13.Bh4 g6 14.Nge4 Qb7 15.Nxd5 exd5
16.Rxd5 Nd4 17.Rd6 h5 18.Qh3 Rb8 19.b3 Be7 20.Bxe7 Qxe7 21.Nxc5 Nh6 22.Nd7 Rd8
23.Nf6+ Kf8 24.Nd5 Qe8 25.Nf6 Qe7 26.Nd7+ Kg7 27.Rxd4 Nf5 28.Rfd1 Nxd4 29.Rxd4 Rhe8
30.Qd3 Qh4 31.Nf6 Rxe5 32.Nxh5+ Rxh5 33.Rxd8 Qxf4+ 34.Kb2 Rxh2 35.Qc3+ f6
36.Rd7+ Kh6 37.g3 Qf5 38.Rd8 Re2 39.Rh8+ Kg5 40.Rc8 Re4 41.Qd2+ Kg4 42.Qd1+ Kg5
43.Qd2+ Kg4 44.Rc3 Qe5 45.Qd7+ f5 46.Qxa7 g5 47.Qf2 f4 48.Qf3+ Kf5 49.g4+ Kf6
50.a4 Re3 51.Qc6+ Ke7 52.Qc5+ Ke6 53.Qxe5+ Rxe5 54.b4 Re4 55.Kb3 Kd5 56.a5 Re1
57.Rc5+ Ke4 58.a6  1-0

[Event "IMA"]
[Site "Dimitrov RUS"]
[Date "2007.07.31"]
[Round "18"]
[White "Tologontegin,S"]
[Black "Kavalenia,L"]
[Result "1-0"]
[WhiteElo "2320"]
[BlackElo "2289"]

1.e4 e6 2.d4 d5 3.Nc3 Bb4 4.e5 Ne7 5.a3 Bxc3+ 6.bxc3 c5 7.h4 Bd7 8.h5 Ba4
9.h6 gxh6 10.Rb1 Nbc6 11.Nf3 Qa5 12.Bd2 O-O-O 13.Rxh6 Rdg8 14.g3 Rg4 15.Bd3 cxd4
16.cxd4 Qc7 17.Bf4 Rhg8 18.Kf1 Nf5 19.Bxf5 exf5 20.Rxh7 Nd8 21.Qd2 Ne6 22.Be3 f4
23.gxf4 Qc4+ 24.Qe2 Rg1+ 25.Nxg1 Rxg1+ 26.Kxg1 Qxe2 27.Rxf7 Qg4+ 28.Kf1 Qh3+
29.Kg1 Qg4+ 30.Kf1 Bxc2 31.Rc1 Kb8 32.Rxc2 Qd1+ 33.Kg2 Qxc2 34.f5 Qe4+ 35.Kg3 Nd8
36.Rf8 Kc7 37.Bf4 Kd7 38.Bg5 Nc6 39.e6+ Kd6 40.Bf4+ Ke7 41.Rf7+ Ke8 42.Bd6 Ne7
43.Rxe7+ Kf8 44.Rf7+ Kg8 45.Rf8+ Kh7 46.Be5  1-0

[Event "IM"]
[Site "Dubna RUS"]
[Date "2007.08.04"]
[Round "4"]
[White "Kovtunenko,A"]
[Black "Dmitrenko,V"]
[Result "0-1"]
[WhiteElo "2293"]
[BlackElo "2362"]

1.e4 e6 2.d4 d5 3.Nc3 Bb4 4.e5 Ne7 5.a3 Bxc3+ 6.bxc3 c5 7.Qg4 Qc7 8.Qxg7 Rg8
9.Qxh7 cxd4 10.Ne2 Nbc6 11.f4 dxc3 12.Qd3 Bd7 13.Rb1 Nf5 14.Nxc3 a6 15.g4 Nfe7
16.h3 Rc8 17.Ne2 Na7 18.Be3 Nb5 19.Rb2 Qa5+ 20.Kf2 Qxa3 21.Qxa3 Nxa3 22.Rxb7 Rxc2
23.Rb8+ Bc8 24.Kf3 Nb5 25.Ng3 Kd7 26.Bxb5+ axb5 27.Rxb5 Nc6 28.Rc5 Rb2 29.Nh5 Rh8
30.Nf6+ Ke7 31.h4 Bb7 32.Rh3 Kd8 33.g5 d4 34.Kg4 Rg2+ 35.Rg3 Rxg3+ 36.Kxg3 dxe3
37.Rc3 Ne7 38.Rd3+ Bd5 39.Nxd5 Nxd5 40.f5 e2 41.Kf2 Rxh4 42.Kxe2 Re4+ 43.Kd2 Rxe5
44.fxe6 fxe6 45.Rg3 Ke7 46.Kd3 Kf7 47.g6+ Kg7 48.Kd4 Re1 49.Kc5 Ne7 50.Rg4 Nxg6  0-1

[Event "Open"]
[Site "Olomouc CZE"]
[Date "2007.08.05"]
[Round "5"]
[White "Jurcik,Mari"]
[Black "Johansson,Ja SWE"]
[Result "1/2-1/2"]
[WhiteElo "2367"]
[BlackElo "2441"]

1.e4 e6 2.d4 d5 3.Nc3 Bb4 4.e5 Qd7 5.Bd2 b6 6.Nce2 Bf8 7.Ng3 Ba6 8.Bxa6 Nxa6
9.Qe2 Nb4 10.Bxb4 Bxb4+ 11.c3 Bf8 12.f4 c5 13.Nf3 cxd4 14.Nxd4 g6 15.O-O Bc5
16.Qd3 Bxd4+ 17.cxd4 Ne7 18.Rac1 O-O 19.Ne2 Rfc8 20.Rxc8+ Rxc8 21.Rc1 Rxc1+
22.Nxc1 Qa4 23.b3 Qb4 24.Kf2 Nf5 25.Ne2 h5 26.g3 Kg7 27.h3 Kf8  1/2-1/2

[Event "Arctic Chess Challenge"]
[Site "Tromso NOR"]
[Date "2007.08.05"]
[Round "2"]
[White "Jaeger,F"]
[Black "Westerinen,H"]
[Result "0-1"]
[WhiteElo "2096"]
[BlackElo "2385"]

1.e4 e6 2.d4 d5 3.Nc3 Bb4 4.e5 Ne7 5.a3 Bxc3+ 6.bxc3 b6 7.Qg4 Ng6 8.h4 h5
9.Qg3 Ba6 10.Bxa6 Nxa6 11.a4 c5 12.Qd3 Nb8 13.Nf3 Nc6 14.Rh3 Qd7 15.Ng5 Rc8
16.Qd2 Nce7 17.Nf3 Qc7 18.Kd1 Nf5 19.Rh1 O-O 20.Ra2 cxd4 21.cxd4 Qc3 22.Qxc3 Rxc3
23.Bd2 Rc4 24.c3 Nge7 25.Ke2 Nc6 26.Kd3 f6 27.Bf4 Rc8 28.exf6 gxf6 29.Nd2 Rxd4+
30.cxd4 Nb4+ 31.Ke2 Nxd4+  0-1

[Event "Scandinavian Chess Tournament"]
[Site "Taby SWE"]
[Date "2007.08.06"]
[Round "4"]
[White "Hedman,E"]
[Black "Duenas,A"]
[Result "1-0"]
[WhiteElo "2346"]
[BlackElo "2018"]

1.e4 e6 2.d4 d5 3.Nc3 Bb4 4.e5 Ne7 5.a3 Bxc3+ 6.bxc3 c5 7.Qg4 O-O 8.Bd3 Nbc6
9.Qh5 Ng6 10.Nf3 Qc7 11.Be3 Nce7 12.h4 Bd7 13.Rb1 b6 14.Rh3 c4 15.Bxg6 fxg6
16.Qg4 Nf5 17.h5 Be8 18.h6 gxh6 19.Bxh6 Nxh6 20.Rxh6 Qf7 21.Ke2 Ba4 22.Rbh1 Bxc2
23.Rxh7 Qxh7 24.Rxh7 Kxh7 25.Ng5+ Kg8 26.Qh3  1-0

[Event "Arctic Chess Challenge"]
[Site "Tromso NOR"]
[Date "2007.08.06"]
[Round "3"]
[White "Carlsen,H"]
[Black "Johnsen,Sv"]
[Result "1/2-1/2"]
[WhiteElo "2089"]
[BlackElo "2172"]

1.e4 e6 2.d4 d5 3.Nc3 Bb4 4.e5 Qd7 5.a3 Bxc3+ 6.bxc3 b6 7.f4 Ba6 8.Bd3 Bxd3
9.cxd3 Nc6 10.Nf3 Nge7 11.Kf2 h5 12.Bd2 Nf5 13.g3 O-O-O 14.Rb1 Kb7 15.Qa4 Nxe5
16.Qxd7 Ng4+ 17.Ke2 Rxd7 18.Rbg1 f6 19.h3 Ngh6 20.g4 Nd6 21.Rg2 hxg4 22.hxg4 Nhf7
23.Rgh2 Rdd8 24.Nh4 Nh6 25.Kf3 f5 26.gxf5 exf5 27.Ng6 Rhe8 28.Ne5 Re7 29.Be1 Rg8
30.Rh5 Ndf7 31.Ng6 Re6 32.Ne5 g5 33.Rg1 g4+ 34.Kg3 Nxe5 35.dxe5 Rgg6 36.Rgh1 Kc6
37.Bf2 Kd7 38.Kg2 Ke8 39.Bh4 g3 40.Bxg3 Ng4 41.Rh8+ Kd7 42.R1h7+ Re7 43.Rxe7+ Kxe7
44.Rh7+ Ke8 45.Rxc7 Nxe5 46.d4 Nc4 47.Kf2 Nd2 48.Bh4 Rg4 49.Ke2 Rg2+ 50.Kd1 Ne4  1/2-1/2

[Event "IM"]
[Site "Dubna RUS"]
[Date "2007.08.10"]
[Round "15"]
[White "Rozanov,P"]
[Black "Dmitrenko,V"]
[Result "0-1"]
[WhiteElo "2201"]
[BlackElo "2362"]

1.e4 e6 2.d4 d5 3.Nc3 Bb4 4.e5 Ne7 5.Bd2 c5 6.Nce2 Bxd2+ 7.Qxd2 Nbc6 8.f4 b6
9.Nf3 Ba6 10.c3 O-O 11.Ng3 Bxf1 12.Nxf1 f6 13.Ng3 a5 14.O-O a4 15.exf6 Rxf6
16.Ne5 Qd6 17.Rae1 b5 18.dxc5 Qxc5+ 19.Kh1 Nxe5 20.fxe5 Rff8 21.Qg5 Ng6 22.Qg4 Qe7
23.a3 Rac8 24.Rxf8+ Rxf8 25.Qe2 Qc5 26.Qg4 Qc6 27.h3 Rf4 28.Qg5 Qc7 29.Re2 Qf7
30.Qd8+ Nf8 31.Kh2 h5 32.Rd2 h4 33.Nh1 Qf5  0-1

[Event "Scandinavian Chess Tournament"]
[Site "Taby SWE"]
[Date "2007.08.10"]
[Round "9"]
[White "Soderberg,P"]
[Black "Kockum,A"]
[Result "0-1"]
[WhiteElo "2216"]
[BlackElo "2200"]

1.e4 e6 2.d4 d5 3.Nc3 Bb4 4.e5 Qd7 5.a3 Bxc3+ 6.bxc3 b6 7.Qg4 f5 8.Qg3 Ba6
9.Bxa6 Nxa6 10.Ne2 O-O-O 11.a4 Kb7 12.O-O g6 13.Qd3 Ne7 14.Bg5 Rc8 15.Bxe7 Qxe7
16.a5 Nb8 17.Rfb1 a6 18.c4 dxc4 19.Qxc4 b5 20.Nf4 Rhe8 21.d5 exd5 22.Nxd5 Qxe5
23.Qc5 c6 24.Qb6+ Ka8 25.c4 cxd5 26.cxb5 Qc7 27.bxa6 Re7 28.Qf6 Rd7 29.h3 Rd6
30.Qd4 Nxa6 31.Rb6 Rb8 32.Rab1 Rdxb6 33.axb6 Qd7 34.Ra1 Kb7 35.Ra5 Rd8 36.Qd3 Ra8
37.Rxd5 Qa4 38.Rb5 Rd8 39.Qf3+ Qe4 40.Qb3 Qe1+ 41.Kh2 Qe7 42.Qf3+ Qe4 43.Qg3 Rd5
44.Rb2 Qe5  0-1

[Event "Open"]
[Site "Callao PER"]
[Date "2007.08.13"]
[Round "8"]
[White "Alonso,S"]
[Black "Roselli Mailhe,B"]
[Result "0-1"]
[WhiteElo "2403"]
[BlackElo "2412"]

1.e4 e6 2.d4 d5 3.Nc3 Bb4 4.e5 b6 5.Bd2 Qd7 6.h4 Ba6 7.Nce2 Bxd2+ 8.Qxd2 Ne7
9.h5 h6 10.f4 c5 11.Nf3 Nbc6 12.g4 Rc8 13.c3 Na5 14.b3 Qc7 15.Bh3 cxd4 16.cxd4 Qc2
17.Rc1 Qe4 18.Rxc8+ Nxc8 19.Kf2 Bxe2 20.Qxe2 Qxf4 21.Qb5+ Kd8 22.Rd1 Re8
23.Rd2 Re7 24.Qd3 Rc7 25.Kg2 Ne7 26.Rf2 Nac6 27.Qh7 Qe4 28.Qxg7 Nxd4 29.Qf8+ Kd7
30.Qxf7 Rc3 31.Kg3 Qxe5+ 32.Kg2 Qe4 33.Qf6 Rxf3 34.Rxf3 Nxf3 35.Qxf3 Qe5
36.Qf8 Qe3 37.Qf3 Qg5 38.Kg3 Nf5+ 39.Kh2 Nd6 40.Bg2 Ke7 41.Qc3 Qf4+ 42.Kh3 Nf7
43.Qg7 Ke8 44.Qg8+ Kd7 45.Qg7 Kc6 46.Qc3+ Kd6 47.Qg3 Ng5+ 48.Kh4 Qxg3+ 49.Kxg3 e5
50.Bf1 Kc5 51.Ba6 Kd4 52.Kf2 Kc3  0-1

[Event "Acropolis Open"]
[Site "Athens GRE"]
[Date "2007.08.14"]
[Round "1"]
[White "Kokolias,K"]
[Black "Esen,B"]
[Result "0-1"]
[WhiteElo "2224"]
[BlackElo "2441"]

1.Nc3 d5 2.e4 e6 3.d4 Bb4 4.e5 Ne7 5.a3 Bxc3+ 6.bxc3 c5 7.Nf3 b6 8.a4 Ba6
9.Bxa6 Nxa6 10.Qe2 Nb8 11.a5 Nd7 12.O-O h6 13.Ba3 O-O 14.c4 dxc4 15.dxc5 Nxc5
16.Rfd1 Qc7 17.Qxc4 Rac8 18.axb6 axb6 19.Rd6 Nf5 20.Rd2 Rfd8 21.Rad1 Rxd2
22.Rxd2 Ne7 23.Bxc5 Qxc5 24.Qb3 Nc6 25.Kf1 Nxe5 26.Nxe5 Qxe5 27.Qxb6 Qxh2
28.Rd8+ Rxd8 29.Qxd8+ Kh7 30.Qd3+ f5 31.f3 Qe5 32.Qc4 Kg6 33.Qc8 Kg5 34.Qd8+ Qf6
35.Qc7 f4 36.Qa5+ Qf5 37.Qd8+ Kh5 38.Qc7 g5 39.c4 Kh4 40.Ke2 Qc2+ 41.Ke1 Qc1+
42.Ke2 Qe3+ 43.Kd1 Qg1+ 44.Kc2 Qxg2+  0-1